Представление документа в формате MARC21

Поле Инд. ПП Название Значение
Тип записи a
Библиографический уровень m
001 Контрольный номер 52988c17-0701-47ff-a96a-9992eca74a32
005 Дата корректировки 20161117115652.5
008 Кодируемые данные 000328 d
020 a ISBN 5-230-08506-1
c Цена, тираж 80-00
040 a Служба первич. каталог. НБ ТвГУ
041 0_ a Код языка текста rus
080 a Индекс УДК 574(075.8)
084 a Индекс другой классификации/Индекс ББК Б1я73-1
a Индекс другой классификации/Индекс ББК Е072.8я73-1
090 a Полочн. индекс Б1
x Авторский знак Б 20
100 1_ a Автор Балина Татьяна Константиновна
q Полное имя Балина Т. К.
245 10 a Заглавие Охрана природы (химическая экология)
b Продолж. заглавия учебное пособие
c Ответственность Твер. гос. ун-т
260 0_ a Место издания Тверь
c Дата издания 1993
b Издательство Тверской государственный университет
300 a Объем 71,[1] с.
504 a Библиография Библиогр.: с.71.
653 0_ a Ключевые слова Биогеохимия
a Ключевые слова Загрязнение природы
a Ключевые слова Охрана природы
a Ключевые слова Химическая экология
a Ключевые слова Учебники для вузов
a Ключевые слова Экология
a Ключевые слова Труды Тверского государственного университета
700 1_ a Другие авторы Папулов Юрий Григорьевич
q Полное имя Папулов Ю. Г.
700 1_ a Другие авторы Зимин Ричард Алексеевич
q Полное имя Зимин Р. А.
710 12 a Организация/ юрисдикция Тверской государственный университет
901 t Тип документа m
952 c Вид литературы К ру
954 a Дата поступления на обработку 06.01.94